zpět

Detail výsledku týmu

Koruna, Břeclav

Datum a čas kvízu

19.5 Celkem bodů Celkový počet nahraných bodů na tomto kvízu bez doplňovacích otázek.
7. Pořadí na kvízu Konečné umístění týmu na tomto kvízu.

Zaznamenané odpovědi

# Otázka Odpověď Body Výsledky
1. V sobotu byla v ostravském Gon... 1
2. Thajská vesmírná agentura plán... 0
3. Příběh o vášnivé lásce, sportu... 1
4. Tabákový gigant Philip Morris... 0
5. Konec kariéry ohlásil minulý t... 0
6. Toto téma je dalším, které jst... 0
7. Napište název básně ze sbírky... 1
5. Jak se jmenoval levicový uměle... 1
5. Velmi osobitou postavou české... 0
10. Ve šlépějích známého českého s... 1